00245 a2200121 4500001000700000020002200007040001100029100002000040240002600060245002100086300000700107362000900114193015 a978-85-418-1010-4 cMagnum aMontoro, Suzana10aNem eu nem outrolpor10aNem eu nem outro a690 a2015